000 00327nam a2200121 a 4500
005 20141022142000.0
008 080915s19uu xx 00 eng d
050 _aVHS
_bAJN1 2003
245 _aAJN:Neurological assessment cerebellar.
650 _aVHS Nursing.
650 _aNeurological assessment:cerebellar.
942 _cAVM
999 _c276191
_d276191